000 02129nam a2200289 a 4500
001 000034374
003 DO-SdBNP
005 20240422101052.0
008 090930s2011 dr r 001 p spa d
020 _a9789945004359
040 _aDO-SdBNP
_bspa
_cBNPHU
082 4 _aRD861.44
_bA163s, 2011
_222
245 0 0 _aAbril del 65 :
_bvisión poética /
_cselección y prólogo Mateo Morrison ; presentación Simón Lizardo.
250 _a2a. ed.
260 _aSanto Domingo :
_bComisión Permanente de Efemérides Patrias,
_c2011.
300 _a206 p. ;
_c24 cm.
490 1 _aPublicaciones de la Comisión Permanente de Efemérides Patrias 2004-2011
_v36
505 0 _gPresentación --
_gPrólogo --
_gPueblo sangre y canto --
_tOda gris por el soldado invasor /
_rRené del Risco y Bermúdez --
_tCanto de amor a la ciudad herida ;
_tCanto a Santo Domingo vertical /
_rAbelardo Vicioso --
_tCanto a Jacques ya los otros /
_rJuan José Ayuso --
_tJornada de abril /
_rRafael Astacio Hernández --
_tNi un paso atrás /
_rPedro Mir --
_tResponso para Jacques Viau /
_rMiguel Alfonseca --
_tHemos llegado a un punto /
_rMáximo Avilés Blonda --
_tTercera oda a Walt Whitman /
_rRamón Francisco --
_tDiario de la guerra ( del 15 de abril al 15 de junio de 1965) /
_rHéctor Incháustegui Cabral --
_tLa guerra y los cantos 1965 /
_rMiguel Alfonseca --
_tLa isla ofendida 1965 /
_rManuel del Cabral --
_tEl viento frío 1967 /
_rRené del Risco y Bermúdez --
_tDespedida a un hermano /
_rMateo Morrison --
_tLa luz no muere /
_rTony Raful --
_gBiografías de los poetas antologados --
_gBiografía de Mateo Morrison --
_gPublicaciones de la Comisión Permanente de Efemérides Patrias 2004-2011
590 _aInventariado, 2018/ BT
650 4 _aPoesía histórica dominicana
_923574
650 0 _aLiteratura histórica dominicana
_924340
651 0 _aRepública Dominicana
_xHistoria
_xOcupación norteamericana
_y1965-1966
_924341
700 1 2 _aMorrison, Mateo,
_d1947-
_epról.
_91469
830 0 _aPublicaciones de la Comisión Permanente de Efemérides Patrias 2004-2011
_n36
_959793
910 _aValidado. Control de calidad. MMOLINA
942 _2ddc
_cLBS1
999 _c33865
_d33865